| 000 | 00467nab a2200145Ia 4500 | ||
|---|---|---|---|
| 003 | ES-SlBCS | ||
| 005 | 20210601124425.0 | ||
| 008 | 140529s1985 xxu||||| |||| 00| 0 eng d | ||
| 041 | _aeng | ||
| 100 | 1 |
_aReagan, Timothy _9139373 |
|
| 245 | 0 | 4 |
_aThe deaf as a linguistic minority: educational considerations _c Timothy Reagan |
| 650 | 0 | 4 |
_aEducación-Sordos _9141904 |
| 773 | 0 |
_tHarvard Educational Review _gvol. 55, nº. 3, 1985, págs. 265-277 _wRev1401 |
|
| 942 | _cAR | ||
| 999 |
_c514597 _d514597 |
||